| 000 | 01047nam a2200313 i 4500 | ||
|---|---|---|---|
| 003 | EG-ScBUE | ||
| 005 | 20240530120134.0 | ||
| 008 | 150428n201u ko a f 000 0 mul d | ||
| 020 | _a9788957705025 | ||
| 020 | _a9788957704004 | ||
| 040 |
_aEG-ScBUE _beng _erda _cEG-ScBUE _dEG-ScBUE |
||
| 041 | 0 |
_aeng _akor |
|
| 082 | 0 | 4 |
_a729 _bAAN _222 |
| 245 | 0 | 0 |
_aA & I Competition : _bArchitecture + interior. _nvolume 3 / _c[edit by Song Yi] |
| 246 | 3 | _aA and I competition architecture + interior | |
| 264 | 1 |
_aSeoul, Korea : _bArchiworld Co., Ltd. : _bJeong Kwang-young, _c[201-?] |
|
| 300 |
_a3 volumes : _bcolor illustrations ; _c30 cm |
||
| 336 |
_2rdacontent _atext _btxt |
||
| 337 |
_2rdamedia _aunmediated _bn |
||
| 338 |
_2rdacarrier _avolume _bnc |
||
| 546 | _aText in English and Korean. | ||
| 650 | 7 |
_aInterior architecture. _2BUEsh _923 |
|
| 650 | 7 |
_aArchitectural drawing. _2BUEsh _937763 |
|
| 651 | _2BUEsh | ||
| 653 |
_bENGARC _cApril2015 |
||
| 655 | _vReading book | ||
| 700 | 1 |
_aYi, Song. _eeditor. _937761 |
|
| 942 |
_2ddc _k729 AAN _cBB |
||
| 999 |
_c19233 _d19205 |
||